| 000 | 00473nam a2200181Ia 4500 | ||
|---|---|---|---|
| 003 | GCL | ||
| 008 | 140319s9999 xx 000 0 eng d | ||
| 040 |
_aGCL / _cGCL |
||
| 082 | 0 | 4 |
_a512 _bK A |
| 100 | 1 | _aKHANNA, VIJAY K. | |
| 245 | 1 | 0 |
_aA COURSE IN ABSTRACT ALGEBRA / _cKHANNA, VIJAY K. |
| 700 | 1 | _aBHAMBRI, S. K. | |
| 260 |
_a[S.N] : _bVIKAS PUBLISHING HOUSE PVT. LTD ، _c1994 |
||
| 300 | _a546\P | ||
| 650 | 0 | 4 | _aMATHEMATICS |
| 650 | 0 | 4 | _aALGEBRA |
| 942 |
_2ddc _cBK |
||
| 999 |
_c20159 _d20159 |
||